000 00279nam a2200121Ia 4500
008 190216s9999||||xx |||||||||||||| ||und||
100 _aAyyappa Panicker K
245 4 _aThe Poet`S Eye
260 _bS Chand & Co
_c1987
300 _a92p
650 _aEnglish Poetry
942 _cBK
999 _c13400
_d13400